Red magic : (Record no. 1761)

MARC details
000 -LEADER
fixed length control field 02431cam a22004218i 4500
001 - CONTROL NUMBER
control field data
005 - DATE AND TIME OF LATEST TRANSACTION
control field 20260322212116.0
008 - FIXED-LENGTH DATA ELEMENTS--GENERAL INFORMATION
fixed length control field data
035 ## - SYSTEM CONTROL NUMBER
System control number 22761517
010 ## - LIBRARY OF CONGRESS CONTROL NUMBER
LC control number 2022027663
020 ## - INTERNATIONAL STANDARD BOOK NUMBER
International Standard Book Number 9781032285719
Qualifying information (hardback)
020 ## - INTERNATIONAL STANDARD BOOK NUMBER
International Standard Book Number 9781032285740
Qualifying information (paperback)
020 ## - INTERNATIONAL STANDARD BOOK NUMBER
Canceled/invalid ISBN 9781003297482
Qualifying information (ebook)
040 ## - CATALOGING SOURCE
Original cataloging agency DLC
Language of cataloging eng
Description conventions rda
Transcribing agency DLC
042 ## - AUTHENTICATION CODE
Authentication code pcc
050 00 - LIBRARY OF CONGRESS CALL NUMBER
Classification number PZ8
Item number .R238 2023
082 00 - DEWEY DECIMAL CLASSIFICATION NUMBER
Classification number 398.2
Edition information 23/eng/20221101
245 00 - TITLE STATEMENT
Title Red magic :
Remainder of title the world's best fairy tales /
Statement of responsibility, etc. collected and arranged by Romer Wilson ; edited by Jack Zipes ; illustrated by Kay Nielsen.
263 ## - PROJECTED PUBLICATION DATE
Projected publication date 2212
264 #1 - PRODUCTION, PUBLICATION, DISTRIBUTION, MANUFACTURE, AND COPYRIGHT NOTICE
Place of production, publication, distribution, manufacture New York, NY :
-- New York, NY :
Name of producer, publisher, distributor, manufacturer Routledge,
Date of production, publication, distribution, manufacture, or copyright notice 2023.
300 ## - PHYSICAL DESCRIPTION
Extent pages cm
336 ## - CONTENT TYPE
Content type term text
Content type code txt
Source rdacontent
337 ## - MEDIA TYPE
Media type term unmediated
Media type code n
Source rdamedia
338 ## - CARRIER TYPE
Carrier type term volume
Carrier type code nc
Source rdacarrier
505 0# - FORMATTED CONTENTS NOTE
Formatted contents note The Dangers of Dragons / Romer Wilson -- The Reward of Virtue / Taddeo Ricciardi -- The Story of the Three Bears / Robert Southey -- Bluebeard / Charles Perrault -- Rich Peter the Peddler / Sir George Dasent -- Hawk and Mole / Edward L. Handy -- A Child's Dream of a Star / Charles Dickens -- Bean Flower and Pea Blossom / Charles Nodier -- The Country Mouse and the Town Mouse / Aesop -- King Uggermugger, or the Princess Silver-Silk / Cholmondeley Pennell -- The Bear and the Hunter's Stepson / Charles Marius Barbeau -- At the Door / Puss Brambula Compton -- The Six Swans / Jacob & Wilhelm Grimm -- The Enchanted Deer / Mme Catherine d'Aulnoy -- Mrs. Tabitha Tortoiseshell / Puss Brambula Compton -- St. George and the Dragon / Percy's Reliques -- The Dragon of Watley / Percy's Reliques -- The Chimaera / Nathaniel Hawthorne -- Bash-Chalek, or True Steel / Elodie L. Mijatovich -- Aladdin and the Magic Lamp / Antoine Galland.
520 ## - SUMMARY, ETC.
Summary, etc. A collection of familiar and lesser-known fairy tales.
650 #0 - SUBJECT ADDED ENTRY--TOPICAL TERM
Topical term or geographic name entry element Fairy tales.
650 #1 - SUBJECT ADDED ENTRY--TOPICAL TERM
Topical term or geographic name entry element Fairy tales.
650 #1 - SUBJECT ADDED ENTRY--TOPICAL TERM
Topical term or geographic name entry element Folklore.
655 #7 - INDEX TERM--GENRE/FORM
Genre/form data or focus term Fairy tales.
Source of term lcgft
700 1# - ADDED ENTRY--PERSONAL NAME
Personal name Wilson, Romer,
Dates associated with a name 1891-1930,
Relator term compiler.
700 1# - ADDED ENTRY--PERSONAL NAME
Personal name Zipes, Jack,
Dates associated with a name 1937-
Relator term editor.
700 1# - ADDED ENTRY--PERSONAL NAME
Personal name Nielsen, Kay Rasmus,
Dates associated with a name 1886-1957,
Relator term illustrator.
776 08 - ADDITIONAL PHYSICAL FORM ENTRY
Relationship information Online version:
Title Red magic
Place, publisher, and date of publication New York : Routledge, 2022
International Standard Book Number 9781003297482
Record control number (DLC) 2022027664
906 ## - LOCAL DATA ELEMENT F, LDF (RLIN)
a 7
b cbc
c orignew
d 1
e ecip
f 20
g y-gencatlg
925 0# -
-- acquire
-- 1 shelf copy
-- policy default
955 ## - COPY-LEVEL INFORMATION (RLIN)
-- xm13 2022-11-01
Holdings
Withdrawn status Lost status Damaged status Not for loan Home library Current library Shelving location Date acquired Total checkouts Full call number Barcode Date last seen Price effective from Koha item type
        Fairview Fairview General stacks 22/03/2026   398.2 LOC-FPL-00046 22/03/2026 22/03/2026 Books